[Event "Olomouc op 20th"]
[Site "Olomouc"]
[Date "2017.08.16"]
[Round "6"]
[White "Valenta, Vit"]
[Black "Kalinowska, Zuzanna"]
[Result "1-0"]
[WhiteElo "2086"]
[BlackElo "1896"]
[PlyCount "89"]
[EventDate "2017.08.12"]
[EventType "swiss"]
[EventRounds "9"]
[EventCountry "CZE"]
[SourceTitle "CBM 180 Extra"]
[Source "ChessBase"]
[SourceDate "2017.10.06"]
[SourceVersion "1"]
[SourceVersionDate "2017.10.06"]
[SourceQuality "1"]

1. b4 c6 2. c4 d5 3. e3 Nf6 4. Bb2 Bf5 5. Nf3 e6 6. a3 Be7 7. Be2 0-0 8. 0-0 dxc4 9. Bxc4 Nbd7 10. d4 a5 11. b5 Nb6 12. Be2 cxb5 13. Bxb5 Nbd5 14. Nc3 Nxc3 15. Bxc3 Ne4 16. Be1 Qd5 17. a4 Rfc8 18. Rc1 Nd6 19. Be2 Rxc1 20. Qxc1 Rc8 21. Qa1 Ne4 22. Ne5 Bg5 23. g4 Bg6 24. f4 Bf6 25. f5 exf5 26. gxf5 Bxe5 27. dxe5 Bxf5 28. Rxf5 Rc6 29. Rf3 Rc2 30. Bf1 Ng5 31. Rg3 Nf3+ 32. Rxf3 Qxf3 33. Qd4 g6 34. Bh4 h6 35. Qf4 Qd5 36. Qxh6 Qxe5 37. Bg3 Qa1 38. Bd6 Qf6 39. Qf8+ Kh7 40. Bf4 Ra2 41. Qe8 Ra1 42. h4 Qf5 43. Kf2 Ra2+ 44. Kg3 Qd5 45. Be5 1-0

[Event "Olomouc op 20th"]
[Site "Olomouc"]
[Date "2017.08.13"]
[Round "3"]
[White "Kalinowska, Zuzanna"]
[Black "Kula, Dominik"]
[Result "0-1"]
[WhiteElo "1896"]
[BlackElo "2153"]
[PlyCount "52"]
[EventDate "2017.08.12"]
[EventType "swiss"]
[EventRounds "9"]
[EventCountry "CZE"]
[SourceTitle "CBM 180 Extra"]
[Source "ChessBase"]
[SourceDate "2017.10.06"]
[SourceVersion "1"]
[SourceVersionDate "2017.10.06"]
[SourceQuality "1"]

1. d4 f5 2. Nf3 Nf6 3. g3 g6 4. Bg2 Bg7 5. 0-0 0-0 6. c4 d6 7. Nc3 Qe8 8. b3 e5 9. dxe5 dxe5 10. e4 Nc6 11. Be3 f4 12. Bc5 Rf7 13. Qe1 Bg4 14. Ng5 Rd7 15. h3 h6 16. Nf3 Bxf3 17. Bxf3 b6 18. Ba3 Nd4 19. Bd1 c6 20. gxf4 exf4 21. e5 Nh7 22. Bg4 Ng5 23. Bxd7 Ngf3+ 24. Kh1 Qxd7 25. e6 Nxe6 26. Qd1 Ned4 0-1

[Event "Olomouc op 19th"]
[Site "Olomouc"]
[Date "2016.08.19"]
[Round "8"]
[White "Bombek, Peter"]
[Black "Kalinowska, Zuzanna"]
[Result "1-0"]
[WhiteElo "2212"]
[BlackElo "1910"]
[PlyCount "70"]
[EventDate "2016.08.13"]
[EventType "swiss"]
[EventRounds "9"]
[EventCountry "CZE"]
[SourceTitle "CBM 173 Extra"]
[Source "ChessBase"]
[SourceDate "2016.08.29"]
[SourceVersion "1"]
[SourceVersionDate "2016.08.29"]
[SourceQuality "1"]

1. d4 Nf6 2. Nf3 e6 3. e3 b6 4. Bd3 Bb7 5. Nbd2 d5 6. 0-0 Bd6 7. Qe2 Ne4 8. Ne5 Nd7 9. Nxd7 Qxd7 10. f3 Nxd2 11. Bxd2 0-0 12. e4 c5 13. e5 c4 14. Bxc4 Bxe5 15. dxe5 dxc4 16. Bb4 Rfc8 17. Rad1 Qa4 18. a3 a5 19. Bd6 Bd5 20. Rd4 Qc6 21. c3 Ra7 22. h4 f5 23. Qe3 Rf7 24. h5 Kh8 25. Kf2 Qb5 26. Qd2 Re8 27. Rh1 Qb3 28. Rf4 Kg8 29. Rg1 Rd8 30. g4 fxg4 31. Rxf7 Kxf7 32. Rxg4 Kg8 33. Rxg7+ Kh8 34. Rg4 Bxf3 35. Kxf3 Qb5 1-0

[Event "Olomouc op 19th"]
[Site "Olomouc"]
[Date "2016.08.16"]
[Round "5"]
[White "Gantsooj, Ganzorig"]
[Black "Kalinowska, Zuzanna"]
[Result "0-1"]
[WhiteElo "2164"]
[BlackElo "1910"]
[PlyCount "76"]
[EventDate "2016.08.13"]
[EventType "swiss"]
[EventRounds "9"]
[EventCountry "CZE"]
[SourceTitle "CBM 173 Extra"]
[Source "ChessBase"]
[SourceDate "2016.08.29"]
[SourceVersion "1"]
[SourceVersionDate "2016.08.29"]
[SourceQuality "1"]

1. e4 c5 2. Nf3 e6 3. d4 cxd4 4. Nxd4 a6 5. c4 Nf6 6. Nc3 Bb4 7. Bd3 Qc7 8. 0-0 Nc6 9. Nc2 Bc5 10. Kh1 d6 11. f4 Nd4 12. Nxd4 Bxd4 13. Ne2 Ba7 14. Ng3 h5 15. Qf3 Qc5 16. Bd2 Ng4 17. Be1 Qd4 18. Ne2 Qf6 19. h3 Ne3 20. Bc3 Qh4 21. Rfe1 Ng4 22. Bd4 Bxd4 23. Nxd4 Qf2 24. Re2 Qxd4 25. Rae1 Bd7 26. c5 Qxc5 27. e5 Bc6 28. Qg3 d5 29. a3 Rc8 30. f5 Ba4 31. Rf1 Bd7 32. fxe6 Bxe6 33. Bf5 Bxf5 34. Rxf5 Qc1+ 35. Re1 h4 36. Rff1 hxg3 37. Rxc1 Rxc1 38. Rxc1 Nf2+ 0-1

[Event "POL-chT U20"]
[Site "Suchedniow"]
[Date "2016.07.31"]
[Round "9.24"]
[White "Kroliczek, Gabriela"]
[Black "Kalinowska, Zuzanna"]
[Result "1/2-1/2"]
[WhiteElo "1404"]
[BlackElo "1910"]
[PlyCount "101"]
[EventDate "2016.07.23"]
[EventType "team-tourn"]
[EventRounds "9"]
[EventCountry "POL"]
[SourceTitle "EXT 2019"]
[Source "ChessBase"]
[SourceDate "2018.10.10"]
[SourceVersion "1"]
[SourceVersionDate "2018.10.10"]
[SourceQuality "1"]

1. e4 c5 2. a3 e6 3. b4 Qf6 4. Ra2 cxb4 5. axb4 Bxb4 6. c3 Be7 7. d4 Qg6 8. Qf3 d6 9. Bb5+ Nd7 10. Ne2 e5 11. Nd2 a6 12. 0-0 Rb8 13. Bxd7+ Bxd7 14. Qd3 Be6 15. d5 Bd7 16. f4 f6 17. f5 Qf7 18. Nb3 Bd8 19. Ba3 Qe7 20. Qg3 Kf8 21. Nbd4 Bb6 22. Kh1 Bc5 23. Bxc5 dxc5 24. Ne6+ Bxe6 25. fxe6 Qd6 26. Qg4 g6 27. Ng3 Qe7 28. h4 Nh6 29. Qh3 Kg7 30. Rd2 Rbd8 31. h5 Rd6 32. Rdf2 Rf8 33. Ne2 b5 34. Nc1 c4 35. Na2 a5 36. g4 g5 37. Kg2 Qa7 38. Rb2 Qc5 39. Rfb1 Rb8 40. Kf3 Rdb6 41. Qf1 Ng8 42. Qe1 h6 43. Qd2 Ne7 44. Rd1 Nc8 45. Rdb1 Nd6 46. Qe1 Kf8 47. Qd2 Ke7 48. Qe1 R8b7 49. Qd2 Rb8 50. Qe1 Ne8 51. Kg3 1/2-1/2